| 000 | 00393nam a2200145 i 4500 | ||
|---|---|---|---|
| 001 | bgj | ||
| 100 | 1 |
_aTHOREAU, [Henry] [David] _d(1817-1862) |
|
| 245 | 1 | 0 |
_aOn Man & Nature / _cH. D. Thoreau. |
| 260 |
_aMount Vernon, NY : _bPeter Pauper Press, _cc. 1960. |
||
| 300 |
_a61 pp : _bill. ; _c19 cm. |
||
| 040 | _cBPK | ||
| 041 | 0 | _aeng | |
| 942 | _cKS | ||
| 008 | s uk f |000 0 eng | ||
| 999 |
_c47953 _d47953 |
||
| 856 |
_uhttp://koha.tu.koszalin.pl/cgi-bin/koha/opac-detail.pl?biblionumber=47953 _yKatalog online BPK |
||